Capital Cities With Letters Missing - Statistics

General Stats
  • This quiz has been taken 60 times
  • The average score is 20 of 26
Answer Stats
Hint Answer % Correct
H_V_N_ Havana
94%
K_B_L Kabul
94%
O_T_W_ Ottawa
94%
T_K_O Tokyo
94%
P_R_S Paris
91%
R_B_T Rabat
91%
L_M_ Lima
89%
M_N_L_A Manilla
89%
M_X_O _I_Y Mexico City
89%
T_N_S Tunis
89%
C_R_C_S Caracas
87%
Q_I_O Quito
87%
B_G_T_ Bogota
85%
W_L_I_G_O_ Wellington
81%
C_I_O Cairo
79%
V_L_E_T_ Valletta
77%
L_S_O_ Lisbon
75%
S_N_A_O_E Singapore
74%
L_N_O_ London
70%
N_I_O_I Nairobi
70%
M_S_O_ Moscow
66%
C_N_E_R_ Canberra
60%
K_N_S_O_ Kingston
53%
S_N_I_G_ Santiago
51%
T_H_A_ Tehran
49%
L_A_D_ Luanda
42%
No matching quizzes found
Score Distribution
Percent of People with Each Score
Percentile by Number Answered
Your Score History
You have not taken this quiz